LEADER 00952cam0-22003131i-4500 001 990004383000403321 005 20170130162227.0 010 $a2-05-101721-2 035 $a000438300 035 $aFED01000438300 035 $a(Aleph)000438300FED01 035 $a000438300 100 $a20030523d2000----km-y0itay50------ba 101 0 $afre 102 $aCH 105 $ay-------001zy 200 1 $aEcrits d'un humaniste engané$fBenjamin Constant$gtextes choisis, édotés et commentés par Ephraïm Harpaz 210 $aGenève$cSlatkine reprints$d2000 215 $aLXIX, 230 p.$d23 cm 676 $a848.609$v20$zita 700 1$aConstant,$bBenjamin$f<1767-1830>$0134787 702 1$aHarpaz,$bEphraïm$f<1920-2011> 801 0$aIT$bUNINA$gRICA$2UNIMARC 901 $aBK 912 $a990004383000403321 952 $a848.609 CONS 2(1)$bBibl.46276$fFLFBC 959 $aFLFBC 996 $aEcrits d'un humaniste engané$9541650 997 $aUNINA LEADER 00964nam0-22003011i-450 001 990001734590403321 005 20190416120501.0 035 $a000173459 035 $aFED01000173459 035 $a(Aleph)000173459FED01 035 $a000173459 100 $a20030910d1977----km-y0itay50------ba 101 0 $aita 102 $aIT 200 1 $a<>riserva naturale orientata di Campolino$easpetti naturalistici e selvicolturali$epiano di gestione$fMinistero dell'Agricoltura e delle Foreste 210 $aRoma$cMAF$d1977 215 $a102 p.$c1 carta silografica$d24 cm 225 1 $aCollana verde$v47 610 0 $aFlora protetta 676 $a639.99 710 01$aItalia.$bMinistero dell'agricoltura e delle foreste$0287625 801 0$aIT$bUNINA$gRICA$2UNIMARC 901 $aBK 912 $a990001734590403321 952 $a60 719.3 MDAF 1977$b1847$fFAGBC 959 $aFAGBC 996 $aRiserva naturale orientata di Campolino$91550278 997 $aUNINA LEADER 01065nam a22002653i 4500 001 991003418259707536 005 20031006161824.0 008 031111s1966 it |||||||||||||||||ita 035 $ab12423634-39ule_inst 035 $aARCHE-045692$9ExL 040 $aDip.to Lingue$bita$cA.t.i. Arché s.c.r.l. Pandora Sicilia s.r.l. 082 04$a804 100 1 $aVincenti, Leonello$0188542 245 10$aAlfieri e lo "Sturm und Drang" e altri saggi di letteratura italiana e tedesca /$cLeonello Vincenti ; con una premessa di Sergio Lupi 260 $aFirenze :$bLeo S. Olschki,$c1966 300 $aVIII, 292 p. ;$c21 cm 440 0$aSaggi di Lettere italiane 650 4$aLetteratura italiana e letteratura tedesca$xStudi 700 1 $aLupi, Sergio 907 $a.b12423634$b02-04-14$c13-11-03 912 $a991003418259707536 945 $aLE012 VIN 10715$g1$i2012000089297$lle012$o-$pE0.00$q-$rl$s- $t0$u0$v0$w0$x0$y.i12845280$z13-11-03 996 $aAlfieri e lo Sturm und Drang$9528790 997 $aUNISALENTO 998 $ale012$b13-11-03$cm$da $e-$fita$git $h0$i1 LEADER 01083nam a2200289 i 4500 001 991001160459707536 005 20020507184343.0 008 980410s1993 uk ||| | eng 020 $a0582234352 035 $ab10809107-39ule_inst 035 $aLE01307988$9ExL 040 $aDip.to Matematica$beng 082 0 $a519.4 084 $aAMS 65N30 100 1 $aBramble, James H.$060323 245 10$aMultigrid methods /$cJames H. Bramble 260 $aHarlow, Essex, England :$bLongman ; New York : John Wiley,$c1993 300 $a161 p. :$bill. ;$c25 cm. 490 0 $aPitman research notes in mathematics series, ISSN 02693674 ;$v294 500 $aIncludes bibliographical references (p. 151-158) and index 650 4$aMultigrid methods (Numerical analysis) 907 $a.b10809107$b23-02-17$c28-06-02 912 $a991001160459707536 945 $aLE013 65N BRA11 (1993)$g1$i2013000097367$lle013$o-$pE0.00$q-$rl$s- $t0$u2$v1$w2$x0$y.i10914316$z28-06-02 996 $aMULTIGRID methods$9376325 997 $aUNISALENTO 998 $ale013$b01-01-98$cm$da $e-$feng$guk $h0$i1